|
|
|
|
| LEADER |
00614nab a2200169 i 4500 |
| 001 |
misc40817 |
| 005 |
20191106141012.0 |
| 008 |
180709s1997 hu o 0|| zxx d |
| 022 |
|
|
|a 1215-5233
|
| 040 |
|
|
|a SZTE Miscellanea Repozitórium
|b hun
|
| 041 |
|
|
|a zxx
|
| 100 |
1 |
|
|a Cseres Judit
|
| 245 |
1 |
0 |
|a Bűnmegelőzés az iskolában
|h [elektronikus dokumentum] :
|b DADA - a Magyar Rendőrség Biztonságra Nevelő Iskolai Programja /
|c Cseres Judit
|
| 260 |
|
|
|c 1997
|
| 300 |
|
|
|a 105-107
|
| 490 |
0 |
|
|a Iskolakultúra
|v 7 No. 9
|
| 856 |
4 |
0 |
|u http://misc.bibl.u-szeged.hu/40817/1/9_EPA00011_iskolakultura_1997-9.pdf
|z Dokumentum-elérés
|